Plus grandes villes du monde par lettre - X/Y/Z - Statistiques

Statistiques générales
  • Ce quiz a été pris 174 fois
  • Le résultat moyen est 3 sur 10
Statistiques - réponses
Pays Population Ville % Correct
Cameroun 2.766 Mio Yaoundé
92%
Chine 12.906 Mio Xi'an
65%
Chine 13.765 Mio Xiamen - Quanzhou
34%
Myanmar 8.572 Mio Yangon
29%
Chine 5.810 Mio Zhengzhou
24%
Chine 1.656 Mio Xuzhou
10%
Indonésie 4.010 Mio Yogyakarta
8%
Chine 4.412 Mio Zibo
8%
Chine 1.640 Mio Yinchuan
5%
Chine 1.753 Mio Zhanjiang
3%
Aucun quiz correspondant
Distribution des résultats
% des personnes avec chaque résultat
Percentile par nombre de réponses
Votre historique - résultats
Vous n’avez pas pris ce quiz